<?xml version="1.0" encoding="UTF-8"?>
<record
    xmlns:xsi="http://www.w3.org/2001/XMLSchema-instance"
    xsi:schemaLocation="http://www.loc.gov/MARC21/slim http://www.loc.gov/standards/marcxml/schema/MARC21slim.xsd"
    xmlns="http://www.loc.gov/MARC21/slim">

  <leader>00355nam a22001457a 4500</leader>
  <controlfield tag="003">SGT</controlfield>
  <datafield tag="020" ind1=" " ind2=" ">
    <subfield code="a">9789351369745</subfield>
  </datafield>
  <datafield tag="082" ind1=" " ind2=" ">
    <subfield code="a">904</subfield>
    <subfield code="b">M17M</subfield>
  </datafield>
  <datafield tag="100" ind1=" " ind2=" ">
    <subfield code="a">Mayekar, Sandesh </subfield>
  </datafield>
  <datafield tag="245" ind1=" " ind2=" ">
    <subfield code="a">More Than a Mouthful: Adventures of a Dentist</subfield>
  </datafield>
  <datafield tag="260" ind1=" " ind2=" ">
    <subfield code="a">NEW DELHI</subfield>
    <subfield code="b">HARPER COLLINS PUBLISHER</subfield>
    <subfield code="c">2017</subfield>
  </datafield>
  <datafield tag="300" ind1=" " ind2=" ">
    <subfield code="a">212</subfield>
  </datafield>
  <datafield tag="650" ind1=" " ind2=" ">
    <subfield code="a">Adventures</subfield>
  </datafield>
  <datafield tag="942" ind1=" " ind2=" ">
    <subfield code="2">ddc</subfield>
    <subfield code="c">BK</subfield>
    <subfield code="0">1</subfield>
  </datafield>
  <datafield tag="952" ind1=" " ind2=" ">
    <subfield code="0">0</subfield>
    <subfield code="1">0</subfield>
    <subfield code="2">ddc</subfield>
    <subfield code="4">0</subfield>
    <subfield code="7">0</subfield>
    <subfield code="a">FD</subfield>
    <subfield code="b">FD</subfield>
    <subfield code="c">TXT</subfield>
    <subfield code="d">2018-08-22</subfield>
    <subfield code="e">ABC</subfield>
    <subfield code="g">299.00</subfield>
    <subfield code="i">SGTU</subfield>
    <subfield code="l">1</subfield>
    <subfield code="o">904 M17M</subfield>
    <subfield code="p">FD7983</subfield>
    <subfield code="r">2025-01-04 00:00:00</subfield>
    <subfield code="s">2024-12-21</subfield>
    <subfield code="w">2018-07-31</subfield>
    <subfield code="y">BK</subfield>
    <subfield code="k">9974</subfield>
  </datafield>
  <datafield tag="952" ind1=" " ind2=" ">
    <subfield code="0">0</subfield>
    <subfield code="1">0</subfield>
    <subfield code="2">ddc</subfield>
    <subfield code="4">0</subfield>
    <subfield code="7">0</subfield>
    <subfield code="a">FD</subfield>
    <subfield code="b">FD</subfield>
    <subfield code="c">TXT</subfield>
    <subfield code="d">2018-08-22</subfield>
    <subfield code="e">ABC</subfield>
    <subfield code="g">299.00</subfield>
    <subfield code="i">SGTU</subfield>
    <subfield code="l">2</subfield>
    <subfield code="o">904 M17M</subfield>
    <subfield code="p">FD7984</subfield>
    <subfield code="r">2026-04-20 00:00:00</subfield>
    <subfield code="s">2026-04-09</subfield>
    <subfield code="w">2018-07-31</subfield>
    <subfield code="y">BK</subfield>
    <subfield code="k">9974</subfield>
  </datafield>
  <datafield tag="952" ind1=" " ind2=" ">
    <subfield code="0">0</subfield>
    <subfield code="1">0</subfield>
    <subfield code="2">ddc</subfield>
    <subfield code="4">0</subfield>
    <subfield code="7">0</subfield>
    <subfield code="a">FD</subfield>
    <subfield code="b">FD</subfield>
    <subfield code="c">TXT</subfield>
    <subfield code="d">2018-08-22</subfield>
    <subfield code="e">ABC</subfield>
    <subfield code="g">299.00</subfield>
    <subfield code="i">SGTU</subfield>
    <subfield code="l">0</subfield>
    <subfield code="o">904 M17M</subfield>
    <subfield code="p">FD7985</subfield>
    <subfield code="r">2018-08-22 00:00:00</subfield>
    <subfield code="w">2018-07-31</subfield>
    <subfield code="y">BK</subfield>
    <subfield code="k">9974</subfield>
  </datafield>
  <datafield tag="952" ind1=" " ind2=" ">
    <subfield code="0">0</subfield>
    <subfield code="1">0</subfield>
    <subfield code="2">ddc</subfield>
    <subfield code="4">0</subfield>
    <subfield code="7">0</subfield>
    <subfield code="a">FD</subfield>
    <subfield code="b">FD</subfield>
    <subfield code="c">TXT</subfield>
    <subfield code="d">2018-08-22</subfield>
    <subfield code="e">ABC</subfield>
    <subfield code="g">299.00</subfield>
    <subfield code="i">SGTU</subfield>
    <subfield code="l">4</subfield>
    <subfield code="o">904 M17M</subfield>
    <subfield code="p">FD7986</subfield>
    <subfield code="r">2026-05-06 00:00:00</subfield>
    <subfield code="s">2026-04-22</subfield>
    <subfield code="w">2018-07-31</subfield>
    <subfield code="y">BK</subfield>
    <subfield code="k">9974</subfield>
  </datafield>
  <datafield tag="952" ind1=" " ind2=" ">
    <subfield code="0">0</subfield>
    <subfield code="1">0</subfield>
    <subfield code="2">ddc</subfield>
    <subfield code="4">0</subfield>
    <subfield code="7">0</subfield>
    <subfield code="a">FD</subfield>
    <subfield code="b">FD</subfield>
    <subfield code="c">TXT</subfield>
    <subfield code="d">2018-08-22</subfield>
    <subfield code="e">ABC</subfield>
    <subfield code="g">299.00</subfield>
    <subfield code="i">SGTU</subfield>
    <subfield code="l">0</subfield>
    <subfield code="o">904 M17M</subfield>
    <subfield code="p">FD7987</subfield>
    <subfield code="r">2018-08-22 00:00:00</subfield>
    <subfield code="w">2018-07-31</subfield>
    <subfield code="y">BK</subfield>
    <subfield code="k">9974</subfield>
  </datafield>
  <datafield tag="952" ind1=" " ind2=" ">
    <subfield code="0">0</subfield>
    <subfield code="1">0</subfield>
    <subfield code="2">ddc</subfield>
    <subfield code="4">0</subfield>
    <subfield code="7">0</subfield>
    <subfield code="a">FD</subfield>
    <subfield code="b">FD</subfield>
    <subfield code="c">TXT</subfield>
    <subfield code="d">2018-08-22</subfield>
    <subfield code="e">ABC</subfield>
    <subfield code="g">299.00</subfield>
    <subfield code="i">SGTU</subfield>
    <subfield code="l">0</subfield>
    <subfield code="o">904 M17M</subfield>
    <subfield code="p">FD7988</subfield>
    <subfield code="r">2018-08-22 00:00:00</subfield>
    <subfield code="w">2018-07-31</subfield>
    <subfield code="y">BK</subfield>
    <subfield code="k">9974</subfield>
  </datafield>
  <datafield tag="952" ind1=" " ind2=" ">
    <subfield code="0">0</subfield>
    <subfield code="1">0</subfield>
    <subfield code="2">ddc</subfield>
    <subfield code="4">0</subfield>
    <subfield code="7">0</subfield>
    <subfield code="a">FD</subfield>
    <subfield code="b">FD</subfield>
    <subfield code="c">TXT</subfield>
    <subfield code="d">2018-08-22</subfield>
    <subfield code="e">ABC</subfield>
    <subfield code="g">299.00</subfield>
    <subfield code="i">SGTU</subfield>
    <subfield code="l">0</subfield>
    <subfield code="o">904 M17M</subfield>
    <subfield code="p">FD7989</subfield>
    <subfield code="r">2018-08-22 00:00:00</subfield>
    <subfield code="w">2018-07-31</subfield>
    <subfield code="y">BK</subfield>
    <subfield code="k">9974</subfield>
  </datafield>
  <datafield tag="952" ind1=" " ind2=" ">
    <subfield code="0">0</subfield>
    <subfield code="1">0</subfield>
    <subfield code="2">ddc</subfield>
    <subfield code="4">0</subfield>
    <subfield code="7">0</subfield>
    <subfield code="a">FD</subfield>
    <subfield code="b">FD</subfield>
    <subfield code="c">TXT</subfield>
    <subfield code="d">2018-08-22</subfield>
    <subfield code="e">ABC</subfield>
    <subfield code="g">299.00</subfield>
    <subfield code="i">SGTU</subfield>
    <subfield code="l">1</subfield>
    <subfield code="o">904 M17M</subfield>
    <subfield code="p">FD7990</subfield>
    <subfield code="q">2026-06-19</subfield>
    <subfield code="r">2026-06-05 12:02:01</subfield>
    <subfield code="s">2026-06-05</subfield>
    <subfield code="w">2018-07-31</subfield>
    <subfield code="y">BK</subfield>
    <subfield code="k">9974</subfield>
  </datafield>
  <datafield tag="952" ind1=" " ind2=" ">
    <subfield code="0">0</subfield>
    <subfield code="1">0</subfield>
    <subfield code="2">ddc</subfield>
    <subfield code="4">0</subfield>
    <subfield code="7">0</subfield>
    <subfield code="a">FD</subfield>
    <subfield code="b">FD</subfield>
    <subfield code="c">TXT</subfield>
    <subfield code="d">2018-08-22</subfield>
    <subfield code="e">ABC</subfield>
    <subfield code="g">299.00</subfield>
    <subfield code="i">SGTU</subfield>
    <subfield code="l">0</subfield>
    <subfield code="o">904 M17M</subfield>
    <subfield code="p">FD7991</subfield>
    <subfield code="r">2018-08-22 00:00:00</subfield>
    <subfield code="w">2018-07-31</subfield>
    <subfield code="y">BK</subfield>
    <subfield code="k">9974</subfield>
  </datafield>
  <datafield tag="999" ind1=" " ind2=" ">
    <subfield code="c">15825</subfield>
    <subfield code="d">15825</subfield>
  </datafield>
</record>
